[Event "Oh, great; another riveting Sicilian."]
[Site "SchemingMind.com"]
[Date "2013.10.27"]
[Round "-"]
[White "Black Five"]
[Black "smothered mate"]
[Result "0-1"]
[WhiteCountry "WLS"]
[BlackCountry "POL"]
[WhiteElo "1771"]
[WhiteRD "109"]
[BlackElo "1984"]
[BlackRD "76"]
[GameID "340812"]

1. e4 c5 2. Nf3 d6 3. d4 cxd4 4. Nxd4 Nf6 5. Nc3 g6 6. Be2 Bg7 7. Be3 O-O 8. Qd2 Nc6 9. h3 Bd7 10. Bh6 Bxh6
11. Qxh6 Nxd4 12. Bd3 Qa5 13. Qd2 Rac8 14. O-O Bb5 15. Rfd1 Bxd3 16. cxd3 Rc5
0-1

[Event "Oh, great; another riveting Sicilian."]
[Site "SchemingMind.com"]
[Date "2013.10.27"]
[Round "-"]
[White "smothered mate"]
[Black "Black Five"]
[Result "1-0"]
[WhiteCountry "POL"]
[BlackCountry "WLS"]
[WhiteElo "1969"]
[WhiteRD "77"]
[BlackElo "1753"]
[BlackRD "109"]
[GameID "340814"]

1. e4 c5 2. Nf3 d6 3. d4 cxd4 4. Nxd4 Nf6 5. Nc3 g6 6. f3 Bg7 7. Be3 Nc6 8. Qd2 Nxd4 9. Bxd4 O-O 10. Be3 Qa5
11. O-O-O Be6 12. Kb1 Rfc8 13. h4 a6 14. Nd5 Qxd2 15. Rxd2 Nxd5 16. exd5 Bd7 17. h5 Rf8 18. g4 gxh5 19. Rxh5 f6 20. Bd3 Kf7
21. Rxh7 Rh8 22. Rdh2 Rxh7 23. Rxh7 Rh8 24. Rxh8 Bxh8 25. Bf5 Bxf5 26. gxf5 Bg7 27. c4 Ke8 28. b4 Kd7 29. Kc2 Kc7 30. a4 b6
31. Kd3 Kb7 32. Ke2 Kc7 33. Kf2
1-0

[Event "Oh, great; another riveting Sicilian."]
[Site "SchemingMind.com"]
[Date "2013.11.18"]
[Round "-"]
[White "clario"]
[Black "Amaroun"]
[Result "1-0"]
[WhiteCountry "RSA"]
[BlackCountry "CZE"]
[WhiteElo "1993"]
[WhiteRD "89"]
[BlackElo "1632"]
[BlackRD "131"]
[GameID "341916"]

1. e4 c5 2. Nf3 Nc6 3. Nc3 e6 4. d4 cxd4 5. Nxd4 Nge7 6. Ndb5 Ng6 7. Nd6+ Bxd6 8. Qxd6 Qe7 9. Qxe7+ Ngxe7 10. Bf4 O-O
11. O-O-O e5 12. Be3 d6 13. Bc4
1-0

[Event "Oh, great; another riveting Sicilian."]
[Site "SchemingMind.com"]
[Date "2013.11.18"]
[Round "-"]
[White "kenneth m day"]
[Black "clare1347"]
[Result "0-1"]
[WhiteCountry "USA"]
[BlackCountry "ENG"]
[WhiteElo "1764"]
[WhiteRD "48"]
[BlackElo "2116"]
[BlackRD "87"]
[GameID "342036"]

1. e4 c5 2. d4 cxd4 3. c3 Nf6 4. e5 Nd5 5. Nf3 e6 6. cxd4 Be7 7. Nc3 O-O 8. Bd3 d6 9. O-O dxe5 10. Nxe5 Nc6
11. Qh5 Nf6 12. Qh3 Qxd4 13. Nxc6 bxc6 14. Rd1 e5 15. Qg3 Nh5 16. Qe3 Qxe3 17. Bxe3 Be6 18. Rac1 Nf6 19. Ne2 Bxa2 20. Rxc6 Rfd8
21. Nc3 Bb3 22. Rd2 Ng4 23. Rc7 Bh4 24. Ne4 Nxe3 25. fxe3 Be1 26. Re2 Ba5 27. Nc5 Bxc7 28. Be4 Bd1 29. Re1 Rab8 30. Na6 Ba5
31. Rf1 Rxb2 32. Nc5 Bb6 33. Nd3 Bxe3+
0-1

[Event "Oh, great; another riveting Sicilian."]
[Site "SchemingMind.com"]
[Date "2013.11.16"]
[Round "-"]
[White "clare1347"]
[Black "kenneth m day"]
[Result "1-0"]
[WhiteCountry "ENG"]
[BlackCountry "USA"]
[WhiteElo "2116"]
[WhiteRD "87"]
[BlackElo "1764"]
[BlackRD "48"]
[GameID "342041"]

1. e4 c5 2. Nf3 d6 3. d4 cxd4 4. Nxd4 Nf6 5. Nc3 a6 6. Bc4 e6 7. O-O b5 8. Bb3 Be7 9. f4 O-O 10. f5 exf5
11. Nxf5 Bb7 12. Bg5 h6 13. Bxh6 gxh6 14. Qd2 Ng4 15. Nxh6+ Nxh6 16. Qxh6 Bg5 17. Qg6+ Kh8 18. Qh5+ Kg7 19. Rxf7+ Rxf7 20. Qxf7+ Kh6
21. Qxb7 Nd7 22. Rd1 Be3+ 23. Kh1 Ra7 24. Qd5 Bc5 25. Rd3 Ne5 26. Qe6+ Ng6 27. Rg3 Rg7 28. Rh3+
1-0

[Event "Oh, great; another riveting Sicilian."]
[Site "SchemingMind.com"]
[Date "2013.11.20"]
[Round "-"]
[White "cnile"]
[Black "nofischer"]
[Result "1-0"]
[WhiteCountry "SCO"]
[BlackCountry "USA"]
[WhiteElo "1542"]
[WhiteRD "66"]
[BlackElo "1445"]
[BlackRD "84"]
[GameID "342290"]

1. e4 c5 2. Nf3 d6 3. d4 cxd4 4. Nxd4 e5 5. Nb5 a6 6. N5a3 Nf6 7. Bg5 Be7 8. Nc3 h6 9. Bxf6 Bxf6 10. Nd5 Nc6
11. Nc4 Be6 12. Nce3 O-O 13. Bc4 b5 14. Be2 Bg5 15. Nc3 Bxe3 16. fxe3 Qc7 17. Qd2 Rad8 18. O-O Qb6 19. Rad1 Nb4 20. a3 Nc6
21. Nd5 Bxd5 22. exd5 Ne7 23. Kh1 f5 24. c4 Ng6 25. Bh5 Rf6 26. Be2 e4 27. b3 Ne5 28. cxb5 Rdf8 29. bxa6 R8f7 30. b4 Ng6
31. Rc1 Re7 32. Rc6 Qa7 33. b5 Ne5 34. Rb1 Nxc6 35. dxc6 Qb6 36. a4 Rc7 37. a5 Qb8 38. Qd5+ Kh8 39. b6 Re7 40. c7 Rxc7
41. a7 Rxa7 42. a6 Kh7 43. b7 Ra8 44. Qc6 Rf8 45. h3 Ra7 46. Rc1 Qd8 47. Qc7 Qxc7 48. Rxc7 Rb8 49. Rc8 Rbxb7 50. axb7 Rxb7
51. Rc6 Rd7 52. Kg1 g5 53. Kf2 Kg7 54. Bh5 Kf6 55. Rc8 d5 56. Rh8 Kg7 57. Ra8 d4 58. exd4 Rxd4 59. Ra7+ Kf6 60. Rh7 Rd2+
61. Kg3 e3 62. Rxh6+ Ke5 63. Bf3 f4+ 64. Kg4 e2 65. Bxe2 Rxe2 66. Kf3
1-0

[Event "Oh, great; another riveting Sicilian."]
[Site "SchemingMind.com"]
[Date "2013.11.20"]
[Round "-"]
[White "nofischer"]
[Black "cnile"]
[Result "1-0"]
[WhiteCountry "USA"]
[BlackCountry "SCO"]
[WhiteElo "1442"]
[WhiteRD "92"]
[BlackElo "1482"]
[BlackRD "62"]
[GameID "342293"]

1. e4 c5 2. f4 d5 3. e5 e6 4. Nf3 Nc6 5. Bb5 a6 6. Bxc6+ bxc6 7. d4 cxd4 8. Nxd4 c5 9. Nf3 Bb7 10. O-O Nh6
11. Re1 d4 12. Nbd2 Nf5 13. Nc4 Be7 14. b3 O-O 15. g4 Qd5 16. Rf1 Nh4 17. Ncd2 Ng6 18. Nc4 Nh4 19. Ncd2 Rab8 20. Qe1 Ng6
21. f5 exf5 22. gxf5 Nh4 23. f6 Bd8 24. Qg3 Nf5 25. Qg4 Re8 26. Kf2 g6 27. Rg1 Ne3 28. Qh3 Nf5 29. Qxf5 Bc7 30. Nc4 Re6
31. Bd2 Rbe8 32. Rg3 Bc6 33. Re1 Bd8 34. Nd6 Rxd6 35. Bg5 Rde6 36. h4 Bc7 37. Bf4 Ba5 38. Reg1 Bc7 39. h5 Bd8 40. hxg6 hxg6
41. Bh6 Kh7 42. Qh3 Qe4 43. Bg7+ Kg8 44. Qh8#
1-0

[Event "Oh, great; another riveting Sicilian."]
[Site "SchemingMind.com"]
[Date "2013.11.24"]
[Round "-"]
[White "APB"]
[Black "dadshane2000"]
[Result "0-1"]
[WhiteCountry "ENG"]
[BlackCountry "USA"]
[WhiteElo "1690"]
[WhiteRD "65"]
[BlackElo "1941"]
[BlackRD "82"]
[GameID "342511"]

1. e4 c5 2. Nf3 d6 3. d4 cxd4 4. Nxd4 Nf6 5. Nc3 Bd7 6. Bg5 Nc6 7. Be2 e6 8. Ndb5 Qb8 9. Bf4 e5 10. Bg5 a6
11. Na3 b5 12. Nab1 Be7 13. O-O O-O 14. Nd5 Nxd5 15. exd5 Bxg5 16. dxc6 Bxc6 17. Nd2 e4 18. f3 f5 19. f4 Bf6 20. c3 d5
21. Nb3 Qb6+ 22. Kh1 Bb7 23. a3 d4 24. cxd4 Rfd8 25. a4 bxa4 26. Rxa4 Bd5 27. Bc4 Bxc4 28. Rxc4 Rab8 29. Nc5 Qb5 30. b3 Rxd4
31. Rxd4 Bxd4 32. Ne6 Bf6 33. Nc7 Qd3 34. Qxd3 exd3 35. Nxa6 Rxb3 36. Rd1 Bd4 37. Nc7 Be3 38. Nd5 d2 39. Ne7+ Kf7 40. Nd5 Ke6
41. Nc7+ Kd6 42. Ne8+ Kd5 43. Nxg7 Ke4 44. g3 Rc3
0-1

[Event "Oh, great; another riveting Sicilian."]
[Site "SchemingMind.com"]
[Date "2013.11.25"]
[Round "-"]
[White "dadshane2000"]
[Black "APB"]
[Result "1-0"]
[WhiteCountry "USA"]
[BlackCountry "ENG"]
[WhiteElo "1915"]
[WhiteRD "86"]
[BlackElo "1592"]
[BlackRD "73"]
[GameID "342516"]

1. e4 c5 2. Nf3 e6 3. d4 cxd4 4. Nxd4 a6 5. c4 Qc7 6. Nc3 Nf6 7. a3 Nc6 8. Be2 Bc5 9. Be3 Qb6 10. Na4 Qa7
11. Nxc5 Qxc5 12. Nxe6 Qe7 13. Nc7+ Kf8 14. Nxa8 Nxe4 15. Nb6
1-0

[Event "Oh, great; another riveting Sicilian."]
[Site "SchemingMind.com"]
[Date "2013.11.26"]
[Round "-"]
[White "jjb091"]
[Black "mespina"]
[Result "0-1"]
[WhiteCountry "USA"]
[BlackCountry "ESP"]
[WhiteElo "1735"]
[WhiteRD "79"]
[BlackElo "2081"]
[BlackRD "82"]
[GameID "342575"]

1. e4 c5 2. Nf3 e6 3. d4 cxd4 4. Nxd4 Nf6 5. Nc3 d6 6. g4 h6 7. Be3 a6 8. Bg2 Nc6 9. h3 Be7 10. Qd2 Bd7
11. O-O-O O-O 12. g5 hxg5 13. Bxg5 Ne5 14. Qe2 Rc8 15. f4 Nc4 16. e5 dxe5 17. fxe5 Nd5 18. Bxe7 Nxe7 19. h4 Qb6 20. b3 Qa5
21. bxc4 Qxc3 22. Kb1 Rxc4 23. Rd3 Qb4+ 24. Nb3 Nd5 25. Qd2 Rfc8 26. Qxb4 Rxb4 27. Bxd5 exd5 28. Rxd5 Bc6 29. Rhd1 Bxd5 30. Rxd5 Rxh4
31. Nc5 Rc4 32. Nxb7 Rb4+
0-1

[Event "Oh, great; another riveting Sicilian."]
[Site "SchemingMind.com"]
[Date "2013.11.26"]
[Round "-"]
[White "Erik Johnson"]
[Black "Iucounu"]
[Result "1-0"]
[WhiteCountry "USA"]
[BlackCountry "ENG"]
[WhiteElo "1600"]
[WhiteRD "69"]
[BlackElo "1277"]
[BlackRD "57"]
[GameID "342576"]

1. e4 c5 2. Nf3 d6 3. d4 cxd4 4. Qxd4 Nc6 5. Qa4 Bd7 6. Bb5 a6 7. Bxc6 Bxc6 8. Qd4 e5 9. Qd3 Nf6 10. Bg5 Be7
11. Bxf6 Bxf6 12. O-O Bb5 13. c4 Bc6 14. Nc3 O-O 15. Nd5 Be7 16. b4 b5 17. c5 Ra7 18. Rad1 Bxd5 19. Qxd5 Kh8 20. c6 f6
21. Rc1 Rc7 22. Rc2 Qa8 23. Rfc1 Qe8 24. Nh4 Qf7 25. Nf5 Qxd5 26. exd5 Rfc8 27. f4 g6 28. Nxe7
1-0

[Event "Oh, great; another riveting Sicilian."]
[Site "SchemingMind.com"]
[Date "2013.11.26"]
[Round "-"]
[White "mespina"]
[Black "jjb091"]
[Result "1-0"]
[WhiteCountry "ESP"]
[BlackCountry "USA"]
[WhiteElo "2056"]
[WhiteRD "92"]
[BlackElo "1823"]
[BlackRD "88"]
[GameID "342583"]

1. e4 c5 2. Nf3 d6 3. d4 cxd4 4. Nxd4 Nf6 5. Nc3 a6 6. Be3 e6 7. f3 b5 8. g4 h6 9. Qd2 b4 10. Nce2 e5
11. Nf5 d5 12. exd5 Qxd5 13. O-O-O Be6 14. Bg2 Nbd7 15. Qxd5 Nxd5 16. Bf2 Bxf5 17. gxf5 N7f6 18. f4 Rd8 19. fxe5 Ng4 20. Bg1 Nge3
21. Bxe3 Nxe3 22. Bc6+ Ke7 23. f6+
1-0

[Event "Oh, great; another riveting Sicilian."]
[Site "SchemingMind.com"]
[Date "2013.11.26"]
[Round "-"]
[White "Iucounu"]
[Black "Erik Johnson"]
[Result "0-1"]
[WhiteCountry "ENG"]
[BlackCountry "USA"]
[WhiteElo "1277"]
[WhiteRD "57"]
[BlackElo "1600"]
[BlackRD "69"]
[GameID "342584"]

1. e4 c5 2. d4 cxd4 3. c3 dxc3 4. Nxc3 Nc6 5. Nf3 d6 6. Bc4 Bg4 7. Bxf7+ Kxf7 8. Ng5+ Ke8 9. Qxg4 Nf6 10. Qe6 h6
11. Nf7 Nd4 12. Nxd8 Nxe6 13. Nxe6 Kd7 14. Nxf8+ Rhxf8 15. O-O Rac8 16. Bd2 b5 17. b4 a6 18. Rac1 Rc4 19. a3 Rfc8 20. f3 Ke6
21. Ne2 g5 22. Rxc4 Rxc4 23. Rc1 Rxc1+ 24. Bxc1 d5 25. exd5+ Nxd5 26. Kf2 Ke5 27. Bb2+ Kd6
0-1

[Event "Oh, great; another riveting Sicilian."]
[Site "SchemingMind.com"]
[Date "2013.11.29"]
[Round "-"]
[White "cnbcad"]
[Black "Clive Everill"]
[Result "0-1"]
[WhiteCountry "USA"]
[BlackCountry "CZE"]
[WhiteElo "1584"]
[WhiteRD "65"]
[BlackElo "1702"]
[BlackRD "52"]
[GameID "342671"]

1. e4 c5 2. f4 d5 3. exd5 Nf6 4. c4 e6 5. dxe6 Bxe6 6. d3 Nc6 7. Nf3 Qe7 8. Be2 O-O-O 9. O-O Bxc4 10. Qc2 Ba6
11. Nc3 Nb4 12. Qb3 Bxd3 13. Bxd3 Rxd3 14. Ne5 Rd4 15. Nxf7 c4 16. Qa4 Qxf7 17. Qxa7 Qd7 18. Be3 Rd6 19. f5 Nc2 20. Rac1 Nxe3
21. Rfe1 Rd3 22. Qa8+ Kc7 23. Qa5+ Kb8 24. Rxe3 Rxe3 25. Rd1 Bd6 26. Nb5 Bxh2+ 27. Kf2 Ng4+
0-1

[Event "Oh, great; another riveting Sicilian."]
[Site "SchemingMind.com"]
[Date "2013.11.28"]
[Round "-"]
[White "Clive Everill"]
[Black "cnbcad"]
[Result "1-0"]
[WhiteCountry "CZE"]
[BlackCountry "USA"]
[WhiteElo "1702"]
[WhiteRD "52"]
[BlackElo "1584"]
[BlackRD "65"]
[GameID "342674"]

1. e4 c5 2. Nf3 Nc6 3. Bb5 a6 4. Bxc6 dxc6 5. d3 g6 6. Be3 b6 7. O-O Bg7 8. c3 Nf6 9. Nbd2 O-O 10. h3 Bb7
11. Qb3 Qxd3 12. Qxb6 Rab8 13. Ne5 Qd6 14. f4 Nd7 15. Nxd7 Qxd7 16. Qxc5 e6 17. Rad1 Qc8 18. Nc4 Re8 19. Nb6 Qc7 20. Rd7 Bc8
21. Rxc7
1-0

[Event "Oh, great; another riveting Sicilian."]
[Site "SchemingMind.com"]
[Date "2014.01.19"]
[Round "-"]
[White "dadshane2000"]
[Black "smothered mate"]
[Result "0-1"]
[WhiteCountry "USA"]
[BlackCountry "POL"]
[WhiteElo "1944"]
[WhiteRD "81"]
[BlackElo "1905"]
[BlackRD "72"]
[GameID "345914"]

1. e4 c5 2. Nf3 d6 3. d4 cxd4 4. Nxd4 Nf6 5. Nc3 g6 6. Be3 Bg7 7. f3 O-O 8. Qd2 Nc6 9. O-O-O Bd7 10. g4 Rb8
11. h4 h5 12. g5 Nh7 13. Nxc6 bxc6 14. Bxa7 Rb4 15. a3 Qa5
0-1

[Event "Oh, great; another riveting Sicilian."]
[Site "SchemingMind.com"]
[Date "2014.01.19"]
[Round "-"]
[White "smothered mate"]
[Black "dadshane2000"]
[Result "0-1"]
[WhiteCountry "POL"]
[BlackCountry "USA"]
[WhiteElo "1860"]
[WhiteRD "89"]
[BlackElo "1918"]
[BlackRD "86"]
[GameID "345917"]

1. e4 c5 2. Nf3 d6 3. d4 cxd4 4. Nxd4 Nf6 5. f3 e5 6. Nb3 Be6 7. Nc3 Be7 8. Be3 Nbd7 9. Be2 a6 10. Qd2 b5
11. g4 Nb6 12. g5 Nh5 13. h4 Ng3 14. Rg1 Nxe2 15. Kxe2 Nc4 16. Qc1 Nxe3 17. Qxe3 Bc4+ 18. Kf2 h6 19. Nd2 Be6 20. g6 Bxh4+
21. Ke2 Bg5 22. gxf7+ Bxf7 23. Qd3 O-O 24. Nd5 Bxd5 25. Qxd5+ Kh8 26. Rg3 Rf6 27. Rh1 Rg6 28. Rh5 Rc8 29. c3 Rc7 30. Rg4 Kh7
31. Nf1 Bf4 32. Ne3 Bxe3 33. Kxe3 Rxg4 34. fxg4 g6 35. Rxe5 Rd7 36. Re6 Qh4 37. Rxg6 Qe1+ 38. Kf3 Qf1+ 39. Ke3 Rf7 40. Rxh6+ Kxh6
41. Qh5+ Kg7 42. Qg5+ Kh8 43. Qh4+ Rh7 44. Qd8+ Kg7 45. Qg5+ Kf7 46. Qd5+ Kg6 47. Qxd6+ Qf6 48. Qg3 Rh4 49. e5 Qg5+ 50. Kf3 Qh6
51. Ke4 Qg5 52. Kf3 Rh7 53. Ke2 Re7
0-1

[Event "Oh, great; another riveting Sicilian."]
[Site "SchemingMind.com"]
[Date "2014.01.31"]
[Round "-"]
[White "clario"]
[Black "clare1347"]
[Result "1-0"]
[WhiteCountry "RSA"]
[BlackCountry "ENG"]
[WhiteElo "1923"]
[WhiteRD "73"]
[BlackElo "2111"]
[BlackRD "80"]
[GameID "346494"]

1. e4 c5 2. Nf3 d6 3. d4 cxd4 4. Nxd4 Nf6 5. Nc3 a6 6. Bg5 e6 7. Qf3 h6 8. Bd2 Nbd7 9. Qe3 Ne5 10. f4 Neg4
11. Qg1 Qb6 12. h3 Ne5 13. fxe5 dxe5 14. Nb3 Qc7 15. O-O-O b5 16. Be3 Be7 17. Bb6 Qb8 18. Bc5 Qc7 19. Bxe7 Kxe7 20. Qc5+ Qxc5
21. Nxc5 Nd7 22. Nb3 Bb7 23. Na5 Ra7 24. a4 b4 25. Na2 Bxe4 26. Nxb4 Rc8 27. Bd3 Ba8 28. Rhe1 f5 29. g4 e4 30. Bxa6 Rcc7
31. Nb3 Nc5 32. Nxc5 Rxc5 33. Bb5 f4 34. c3 Rc8 35. Kd2 Kf6 36. Ke2 h5 37. gxh5 Rh8 38. Rf1 Ke5 39. Bc6 Kf5 40. Rg1 Bxc6
41. Nxc6 Rb7 42. Nd4+ Kf6 43. Rg6+ Kf7 44. Nb5 Rxh5 45. Rg4 f3+ 46. Ke3 Kf8 47. h4 Rb6 48. b4 Ra6 49. Rxe4 Rxa4 50. Nd4 Ra6
51. Nxe6+ Rxe6 52. Rxe6 Kf7 53. Re4
1-0

[Event "Oh, great; another riveting Sicilian."]
[Site "SchemingMind.com"]
[Date "2014.01.31"]
[Round "-"]
[White "clare1347"]
[Black "clario"]
[Result "1/2-1/2"]
[WhiteCountry "ENG"]
[BlackCountry "RSA"]
[WhiteElo "2089"]
[WhiteRD "83"]
[BlackElo "2097"]
[BlackRD "87"]
[GameID "346497"]

1. e4 c5 2. Nf3 d6 3. d4 cxd4 4. Nxd4 Nf6 5. Nc3 e5 6. Ndb5 a6 7. Na3 Be7 8. Be3 Ng4 9. Nc4 Nxe3 10. Nxe3 O-O
11. Bc4 Be6 12. Bd5 Nc6 13. O-O g6 14. Bc4 Rc8 15. Ncd5 Bg5 16. c3 Kh8 17. Bb3 Na5 18. Kh1 Nxb3 19. axb3 Bxe3 20. Nxe3 f5
21. exf5 Bxf5 22. Nc4 Rc7 23. Qd5 Rd7 24. f4 Re8 25. Qd2 Qc7 26. Ne3 Be6 27. f5 gxf5 28. Nxf5 Rf8 29. Ng3 Rdf7 30. Rxf7 Rxf7
31. c4 Rf4 32. h3 Bf7 33. Rf1 Rxf1+ 34. Nxf1 Qe7 35. Qh6=
1/2-1/2

[Event "Oh, great; another riveting Sicilian."]
[Site "SchemingMind.com"]
[Date "2014.02.04"]
[Round "-"]
[White "Erik Johnson"]
[Black "mespina"]
[Result "0-1"]
[WhiteCountry "USA"]
[BlackCountry "ESP"]
[WhiteElo "1600"]
[WhiteRD "69"]
[BlackElo "2083"]
[BlackRD "82"]
[GameID "347273"]

1. e4 c5 2. Nf3 g6 3. Bc4 Nf6 4. Nc3 Nc6 5. O-O Bg7 6. d3 O-O 7. Bg5 d6 8. a4 Bg4 9. h3 Bxf3 10. Qxf3 Nd4
11. Qd1 e6 12. f4 Qb6 13. b3 Nh5 14. g4 Ng3 15. Re1 Qa5 16. Nb1 Nxc2 17. Qxc2 Qxe1+
0-1

[Event "Oh, great; another riveting Sicilian."]
[Site "SchemingMind.com"]
[Date "2014.02.05"]
[Round "-"]
[White "mespina"]
[Black "Erik Johnson"]
[Result "1-0"]
[WhiteCountry "ESP"]
[BlackCountry "USA"]
[WhiteElo "2083"]
[WhiteRD "82"]
[BlackElo "1600"]
[BlackRD "69"]
[GameID "347274"]

1. e4 c5 2. Nf3 d5 3. exd5 Qxd5 4. Nc3 Qd8 5. d4 cxd4 6. Qxd4 Qxd4 7. Nxd4 e5 8. Ndb5 Na6 9. Nd5 Bb4+ 10. c3 Ba5
11. Nd6+ Kf8 12. Bc4 Ne7 13. Nxe7 Kxe7 14. Nxf7 Rf8 15. Bg5+
1-0

[Event "Oh, great; another riveting Sicilian."]
[Site "SchemingMind.com"]
[Date "2014.04.28"]
[Round "-"]
[White "cnile"]
[Black "Clive Everill"]
[Result "0-1"]
[WhiteCountry "SCO"]
[BlackCountry "CZE"]
[WhiteElo "1525"]
[WhiteRD "68"]
[BlackElo "1723"]
[BlackRD "54"]
[GameID "357559"]

1. e4 c5 2. Nf3 a6 3. Nc3 e6 4. d4 cxd4 5. Nxd4 b5 6. Be3 Bb7 7. f3 Qc7 8. Be2 Nf6 9. O-O Be7 10. Kh1 O-O
11. Qd2 Bb4 12. g4 Nc6 13. f4 Nxe4 14. Qd3 Nxd4 15. Nxe4 Nxe2 16. Qxe2 Bxe4+ 17. Kg1 Qxc2 18. Qxc2 Bxc2 19. Rac1 Be4 20. a3 Be7
0-1

[Event "Oh, great; another riveting Sicilian."]
[Site "SchemingMind.com"]
[Date "2014.04.28"]
[Round "-"]
[White "Clive Everill"]
[Black "cnile"]
[Result "1-0"]
[WhiteCountry "CZE"]
[BlackCountry "SCO"]
[WhiteElo "1723"]
[WhiteRD "54"]
[BlackElo "1525"]
[BlackRD "68"]
[GameID "357560"]

1. e4 c5 2. Nf3 Nc6 3. Bb5 e6 4. O-O Nge7 5. Re1 a6 6. Bf1 b5 7. a4 b4 8. b3 Bb7 9. Bb2 Qc7 10. d4 cxd4
11. Nxd4 a5 12. Nd2 Ng6 13. Bb5 Bc5 14. Nxc6 Bxc6 15. Bxc6 Qxc6 16. Bxg7 Rg8 17. Bf6 Qb6 18. Rf1 Rc8 19. Nc4 Qa7 20. Kh1 Bxf2
21. Nd6+ Kf8 22. Nxc8
1-0

[Event "Oh, great; another riveting Sicilian."]
[Site "SchemingMind.com"]
[Date "2014.06.21"]
[Round "-"]
[White "Clive Everill"]
[Black "clario"]
[Result "1-0"]
[WhiteCountry "CZE"]
[BlackCountry "RSA"]
[WhiteElo "1652"]
[WhiteRD "53"]
[BlackElo "1943"]
[BlackRD "86"]
[GameID "360088"]

1. e4 c5 2. Nf3 d6 3. Bb5+ Bd7 4. c4 Nf6 5. Nc3 a6 6. Bxd7+ Qxd7 7. d4 cxd4 8. Nxd4 e5 9. Nf5 Nc6 10. Bg5 Nxe4
11. Nxg7+ Bxg7 12. Nxe4 Nd4 13. Bf6 O-O 14. O-O Qf5 15. Bxg7 Kxg7 16. Nxd6 Qf4 17. b3 Rg8 18. g3 Kh8 19. Qh5 Qf6 20. Nxf7+ Kg7
21. Nxe5 Qf5 22. Qxf5 Nxf5 23. Rfd1 Rgd8 24. Rd7+ Rxd7 25. Nxd7 Nd4 26. Kg2 Nc2 27. Rc1 Nb4 28. a3 Rd8 29. Nc5 Nd3 30. Nxd3 Rxd3
31. Rb1 Kf6 32. Kf1 Kf5 33. Ke2 Ke4 34. h4 Rc3 35. Rb2 Rd3 36. a4 h5 37. b4 Rc3 38. c5 Kd5 39. Kd2 Rc4 40. Rb3 Ke4
41. f3+ Kd5 42. Kd3 Rc1 43. Kd2 Rc4 44. Ke3 Kc6 45. f4 a5 46. bxa5 Rxa4 47. Rb6+ Kc7 48. Rh6 Rxa5 49. Rxh5 Ra2 50. f5 Ra1
51. g4 Rf1 52. Rh6 Kd7 53. Ke2 Rf4 54. Rg6 Ke7 55. h5
1-0

[Event "Oh, great; another riveting Sicilian."]
[Site "SchemingMind.com"]
[Date "2014.06.21"]
[Round "-"]
[White "clario"]
[Black "Clive Everill"]
[Result "1-0"]
[WhiteCountry "RSA"]
[BlackCountry "CZE"]
[WhiteElo "1957"]
[WhiteRD "83"]
[BlackElo "1713"]
[BlackRD "54"]
[GameID "360089"]

1. e4 c5 2. Nf3 a6 3. d4 cxd4 4. Nxd4 Nf6 5. Nc3 e5 6. Nb3 Bb4 7. Qd3 d6 8. Bd2 Bd7 9. Be2 Qb6 10. O-O O-O
11. Be3 Qc7 12. Bg5 Ne8 13. Nd5 Bb5 14. Nxc7 Bxd3 15. Bxd3 Nxc7 16. c3 f6 17. Be3 Bc5 18. Nxc5 dxc5 19. Bxc5 Rc8 20. Rfd1 h6
21. a4 Kh7 22. Be2 Ne6 23. Be3 Nc6 24. Bg4 Re8 25. Rd7 Rab8 26. Rad1 Ned8 27. b4 b5 28. R7d6 bxa4 29. Bf5+ Kg8 30. Bd7 Nf7
31. Rxc6 Red8 32. Rxa6 Rb7 33. Bxa4 Rxd1+ 34. Bxd1 Rd7 35. Be2 Nd6 36. f3 Kh7 37. c4
1-0

[Event "Oh, great; another riveting Sicilian."]
[Site "SchemingMind.com"]
[Date "2014.07.02"]
[Round "-"]
[White "mespina"]
[Black "smothered mate"]
[Result "1-0"]
[WhiteCountry "ESP"]
[BlackCountry "POL"]
[WhiteElo "2191"]
[WhiteRD "80"]
[BlackElo "1848"]
[BlackRD "92"]
[GameID "360782"]

1. e4 c5 2. Nf3 d6 3. d4 cxd4 4. Nxd4 Nf6 5. Nc3 g6 6. Be3 Bg7 7. f3 O-O 8. Qd2 Nc6 9. O-O-O Bd7 10. g4 Rb8
11. Kb1 b5 12. Ncxb5 Na5 13. Nxa7 Qc7 14. Nab5 Qb7 15. Qxa5
1-0

[Event "Oh, great; another riveting Sicilian."]
[Site "SchemingMind.com"]
[Date "2014.07.01"]
[Round "-"]
[White "smothered mate"]
[Black "mespina"]
[Result "0-1"]
[WhiteCountry "POL"]
[BlackCountry "ESP"]
[WhiteElo "1848"]
[WhiteRD "92"]
[BlackElo "2191"]
[BlackRD "80"]
[GameID "360783"]

1. e4 c5 2. Nf3 g6 3. d4 cxd4 4. Qxd4 Nf6 5. e5 Nc6 6. Qa4 Nd5 7. Qe4 Nb6 8. Bb5 a6 9. Bxc6 dxc6 10. O-O Bf5
11. Qe2 Bg7 12. Bf4 Nd5 13. Bg3 Qb6 14. c4 Nb4 15. Nc3 Bd3 16. Qd2 Bxf1 17. Rxf1 Rd8 18. Qf4 Nd3 19. Qd2 Nxe5
0-1

[Event "Oh, great; another riveting Sicilian."]
[Site "SchemingMind.com"]
[Date "2014.10.17"]
[Round "-"]
[White "mespina"]
[Black "clario"]
[Result "1-0"]
[WhiteCountry "ESP"]
[BlackCountry "RSA"]
[WhiteElo "2185"]
[WhiteRD "90"]
[BlackElo "1870"]
[BlackRD "88"]
[GameID "366926"]

1. e4 c5 2. Nf3 d6 3. d4 cxd4 4. Nxd4 Nf6 5. Nc3 a6 6. Be3 e6 7. f3 b5 8. Qd2 Be7 9. O-O-O O-O 10. g4 Bb7
11. a3 Nc6 12. Nxc6 Bxc6 13. g5 Nd7 14. h4 Rb8 15. h5 a5 16. h6 g6 17. b4 Ne5 18. f4
1-0

[Event "Oh, great; another riveting Sicilian."]
[Site "SchemingMind.com"]
[Date "2014.10.17"]
[Round "-"]
[White "clario"]
[Black "mespina"]
[Result "0-1"]
[WhiteCountry "RSA"]
[BlackCountry "ESP"]
[WhiteElo "1870"]
[WhiteRD "88"]
[BlackElo "2185"]
[BlackRD "90"]
[GameID "366927"]

1. e4 c5 2. Nf3 d6 3. d4 cxd4 4. Nxd4 Nf6 5. Nc3 g6 6. Bd3 Bg7 7. O-O O-O 8. Re1 Nc6 9. Nxc6 bxc6 10. Bf4 Rb8
11. Na4 Ng4 12. Be2 Rb4 13. c4 f5 14. Bg3 f4 15. Bh4 f3 16. gxf3 Ne5 17. Rc1 Bh6 18. f4 Rxf4 19. Bg3 Rxe4 20. b3 Bxc1
0-1